Emésztőrendszer 3.
Elmentve itt :
| Szerző: | |
|---|---|
| Dokumentumtípus: | Videó |
| Megjelent: |
2022-03-11
|
| Kulcsszavak: | anatómia emésztőrendszer |
| Tárgyszavak: | |
| Online Access: | http://eta.bibl.u-szeged.hu/5707 |
| LEADER | 00768ngm a2200229 i 4500 | ||
|---|---|---|---|
| 001 | eta5707 | ||
| 005 | 20220311081933.0 | ||
| 008 | 220311s2022 hu o 0|| hun d | ||
| 040 | |a SZTE Elektronikus Tananyag Archívum |b hun | ||
| 041 | |a hun | ||
| 100 | 1 | |a Nógrádi Antal | |
| 245 | 1 | 0 | |a Emésztőrendszer 3. |h [elektronikus dokumentum] / |c Nógrádi Antal |
| 246 | 1 | 0 | |a Anatomy of the digestive tract |h [elektronikus dokumentum] |
| 260 | |c 2022-03-11 | ||
| 516 | |a Video | ||
| 650 | 4 | |a Orvos- és egészségtudomány | |
| 650 | 4 | |a Általános orvostudomány | |
| 650 | 4 | |a Anatómia és morfológia | |
| 650 | 4 | |a Humán anatómia | |
| 695 | |a anatómia | ||
| 695 | |a emésztőrendszer | ||
| 856 | 4 | 0 | |u https://eta.bibl.u-szeged.hu/5707/1/206_hun_-_sys_dig_3.mp4 |z Dokumentum-elérés |